Desať spôsobov ako znížiť náklady o 20 percent

Odborníci ponúkajú desať najúčinnejších tipov na zníženie nákladov, aby si firmy pod tlakom zlepšili svoj hospodársky výsledkok.

Guardado en:
Detalles Bibliográficos
Formato: Capítulo de libro
Lenguaje:eslovaco
Materias:
Etiquetas: Agregar Etiqueta
Sin Etiquetas, Sea el primero en etiquetar este registro!

MARC

LEADER 00000naa$a2200000$$$4500
001 0095422
005 20230912093812.7
041 0 |a slo 
044 |a SK 
245 1 0 |a Desať spôsobov ako znížiť náklady o 20 percent 
520 |a Odborníci ponúkajú desať najúčinnejších tipov na zníženie nákladov, aby si firmy pod tlakom zlepšili svoj hospodársky výsledkok. 
610 2 0 |a firmy 
610 2 0 |a kríza finančná 
610 2 0 |a výsledok hospodársky 
610 2 0 |a znižovanie nákladov 
610 2 0 |a kultúra podniková